| 000 | 00552nam a22001817a 4500 | ||
|---|---|---|---|
| 003 | CEME | ||
| 005 | 20210628202832.0 | ||
| 008 | 210120b xxu||||| |||| 00| 0 eng d | ||
| 020 | _a0-07-141493-2 | ||
| 040 | _cceme | ||
| 082 | _a690.22 BUR | ||
| 100 |
_aBurkart, Matthew J , Mccann, Michael , Paine, Daniel M _961873 |
||
| 245 | _aElevated work platforms and scaffolding , job site safety manual | ||
| 260 |
_aNEW YORK _bMCGRAW HILL _c2004 |
||
| 300 | _aXXXII,543 P | ||
| 650 |
_aELEVATED WORK PLATFORMS AND SCAFFOLDING _961874 |
||
| 942 |
_cBK _2ddc |
||
| 999 |
_c571173 _d571173 |
||